• 首页
  • 本馆介绍
  • 公告通知
  • 最新文献
  • 馆藏检索
  • 电子资源
  • 读者导购
  • 参考咨询
  • 我的图书馆
  • 登录
  • 详细信息显示
  • 放入我的书架
  • 预约/预借图书
  • 作者相关作品
  • 分类相关作品
  • 丛书相关作品
  • 出版社相关作品

书目信息

  • 表格格式
  • 工作单格式
  • 卡片格式
题名:
儿童和青少年临床心理学
    
 
作者: 卡尔 , 卡尔 著 ;张建新 译
分册: 下册  
出版信息: 上海   华东师范大学出版社  2005
页数: 1089页
开本: 23cm
丛书名: 当代心理科学名著译丛
单 册:
中图分类: R395.1
科图分类:
主题词: 青少年心理学--医学心理学 , 儿童心理学 , 儿童心理学--医学心理学 , 青少年心理学 , 医学心理学
电子资源:
ISBN: 7-5617-4021-2
000 01364oam2 2200325 450
001 002925728
005 20061107111159.15
010    @a7-5617-4021-2@dCNY106.00(全二册)
100    @a20050615d2005 em y0chiy0110 ea
101 1  @achi@ceng
102    @aCN@b310000
105    @ay z 000yy
200 1  @a儿童和青少年临床心理学@h下册@9er tong he qing shao nian lin chuang xin li xue@f(爱尔兰)卡尔著@F(ai er lan)ka er zhu@g张建新等译
210    @a上海@c华东师范大学出版社@d2005
215    @a1089页@d23cm
225 2  @a当代心理科学名著译丛@v24
330    @a本书分为六个部分。第一部分讲述几种用于指导实践的理论体系,使读者能够了解并思考临床实践中的问题和心理咨询的过程;第二、三、四部分分别讨论在儿童早期、儿童期及青少年期常见的各种心理问题;第五部分重点讲述了儿童虐待问题;第六部分讲述的临床问题则与显著的家庭生活周期的转变有关。
461  0 @12001 @a当代心理科学名著译丛@v24
510 1  @aThe Handbook of Child and Adolescent Clinical Psychology@eA Contextual Approach@zeng
606 0  @a青少年心理学@x医学心理学
606 0  @a儿童心理学
606 0  @a儿童心理学@x医学心理学
606 0  @a青少年心理学
606 0  @a医学心理学
690    @aR395.1@v4
701  0 @c(爱尔兰)@a卡尔@9ka er@c(Carr, Alan)@4著
701  0 @a卡尔@Aka er@4著
702  0 @a张建新@9zhang jian xin@c(心理咨询)@4译
801  0 @aCN@bNLC@c20061107
905    @a10447@dR395.1@e129:2
    
    儿童和青少年临床心理学.下册/(爱尔兰)卡尔著/张建新等译.-上海:华东师范大学出版社,2005
    1089页;23cm.-(当代心理科学名著译丛;24)
    
    
    ISBN 7-5617-4021-2:CNY106.00(全二册)
    本书分为六个部分。第一部分讲述几种用于指导实践的理论体系,使读者能够了解并思考临床实践中的问题和心理咨询的过程;第二、三、四部分分别讨论在儿童早期、儿童期及青少年期常见的各种心理问题;第五部分重点讲述了儿童虐待问题;第六部分讲述的临床问题则与显著的家庭生活周期的转变有关。
●
相关链接 在E读中查询图书 在五车中查询图书 在当当中查询图书 在豆瓣中查询图书


正题名:儿童和青少年临床心理学     索取号:R395.1/129:2         预约/预借

序号 登录号 条形码 馆藏地/架位号 状态 备注
1 0382116   203821169   第二样本阅览室/ [索取号:R395.1/129:2] 在馆    
2 0382117   203821178   教育系资料室/ [索取号:R395.1/129:2] 在馆    
3 0382118   203821187   第三借阅区/ [索取号:R395.1/129:2] 在馆    
唐山师范学院图书馆 欢迎您!
大连网信软件有限公司© 版权所有